| 000 | 01177nam a22002177a 4500 | ||
|---|---|---|---|
| 999 |
_c8791 _d8791 |
||
| 003 | AR-CdUCM | ||
| 008 | 190326b ||||| |||| 00| 0 spa d | ||
| 020 | _a9972-804-48-8 | ||
| 040 |
_aMUNICIPALIDAD PROVINCIAL DEL CUSCO _cBIBLIOTECA MUNICIPAL DEL CUSCO |
||
| 082 |
_a362.883 / _bG42 |
||
| 100 |
_aGuerrero Vásquez, Rossina _924517 |
||
| 245 |
_aServicios de salud para las víctimas de violencia sexual: _bUn análisis del cumplimiento de los compromisos nacionales e internacionales / |
||
| 260 |
_aLima : _bConsorcio de Investigación Económica y Social, Observatorio del Derecho a la Salud: Centro de Promoción y Defensa de los Derechos Sexuales y Reproductivos, _c2006. |
||
| 300 |
_a114 paginas ; _c20 cm. |
||
| 505 | _aContenido :Sobre las definiciones y derechos involucrados -- Las respuestas del sector salud al problema de la violencia sexual -- Obligaciones nacionales en materia de atención -- Consecuencias de la violencia sexual en la salud de las victimas -- De las solicitudes y procedimientos ... | ||
| 650 |
_aAtención médica _924518 |
||
| 650 |
_aAspectos sociales _9262 |
||
| 650 |
_aViolación _924519 |
||
| 942 |
_2ddc _cLIBROS |
||
| 945 | _arum | ||